书目信息 |
| 题名: |
生逢7月4日
|
|
| 作者: | 黎小锋 , 贾恺 著 | |
| 分册: | ||
| 出版信息: | 北京 北京出版社 2004 |
|
| 页数: | 367页 | |
| 开本: | 22cm | |
| 丛书名: | 世界电影综览 | |
| 单 册: | ||
| 中图分类: | J905.712 | |
| 科图分类: | ||
| 主题词: | 电影影片--简介--美国 , 电影演员--简介--美国 , 电影导演--简介--美国 | |
| 电子资源: | ||
| ISBN: | 7-200-05089-X | |
| 000 | 00993nam0 2200289 450 | |
| 001 | TS2006028285 | |
| 005 | 20070117102121.81 | |
| 010 | @a7-200-05089-X@dCNY45.00 | |
| 100 | @a20060829d2004 em y0chiy0110 ea | |
| 101 | 0 | @achi |
| 102 | @aCN@b110000 | |
| 105 | @aa z 000yd | |
| 200 | 1 | @a生逢7月4日@Asheng feng 7 yue 4 ri@e美国电影综览@EMei Guo Dian Ying Zong Lan@f黎小锋,贾恺著@FLi Xiao Feng, Jia Kai Zhu |
| 210 | @a北京@c北京出版社@d2004 | |
| 215 | @a367页@c照片@d22cm | |
| 225 | 2 | @a世界电影综览 |
| 330 | @a本书对美国电影作品进行介绍,对二十世纪初以来的代表电影作品提供了剧照、片名、故事文本、导演介绍、评说等。 | |
| 410 | 0 | @12001 @a世界电影综览 |
| 517 | 1 | @a美国电影综览@Amei guo dian ying zong lan |
| 606 | 0 | @a电影影片@x简介@y美国 |
| 606 | 0 | @a电影演员@x简介@y美国 |
| 606 | 0 | @a电影导演@x简介@y美国 |
| 690 | @aJ905.712@v4 | |
| 701 | 0 | @a黎小锋@Ali xiao feng@4著 |
| 701 | 0 | @a贾恺@Ajia kai@4著 |
| 801 | 0 | @aCN@b中图数据@c20070117 |
| 905 | @a10447@dJ905.712@e186 | |
| 生逢7月4日:美国电影综览/黎小锋,贾恺著.-北京:北京出版社,2004 |
| 367页:照片;22cm.-(世界电影综览) |
| ISBN 7-200-05089-X:CNY45.00 |
| 本书对美国电影作品进行介绍,对二十世纪初以来的代表电影作品提供了剧照、片名、故事文本、导演介绍、评说等。 |
| ● |
| 相关链接 |
|
|
|
|
正题名:生逢7月4日
索取号:J905.712/186
 
预约/预借
| 序号 | 登录号 | 条形码 | 馆藏地/架位号 | 状态 | 备注 |
| 1 | 0604562 | 206045625 | 第一样本阅览室/ [索取号:J905.712/186] | 在馆 | |
| 2 | 0604563 | 206045634 | 第一借阅区/ [索取号:J905.712/186] | 在馆 | |
| 3 | 0604564 | 206045643 | 第一借阅区/ [索取号:J905.712/186] | 在馆 | |
| 4 | 0604565 | 206045652 | 第一借阅区/ [索取号:J905.712/186] | 在馆 |